000 003190000a22001450004500
005 20120302054459.0
942 _cBOOK
245 _a Kalyan Anka:Varsha 46-Anka-11
260 _aGorakhpur:Geeta,1972.
300 _a1214-1268p.
040 _aHIN
650 _aSankirna
650 _aMaaasik-Kalyan
650 _aMaasik
999 _c345746
_d345743